Libertad de expresión en las Américas. Los Cinco primeros informes de la Relatoría para la Libertad de Expresión

Պահպանված է:
Մատենագիտական մանրամասներ
Համատեղ հեղինակ: Instituto Interamericano de Derechos Humanos
Ձևաչափ: Տեքստ
Հրապարակվել է: San José: IIDH
Խորագրեր:
Ցուցիչներ: Ավելացրեք ցուցիչ
Չկան պիտակներ, Եղեք առաջինը, ով նշում է այս գրառումը!

MARC

LEADER 00000 a a2200000 04500
001 30707
003
040
090 |a 196000  
110 |a Instituto Interamericano de Derechos Humanos  
245 |a Libertad de expresión en las Américas. Los Cinco primeros informes de la Relatoría para la Libertad de Expresión  
260 |a San José:   |b IIDH  
300 |a 303 p.  
650 |a LIBERTAD DE PALABRA  
650 |a LEGISLACION  
650 |a DERECHOS HUMANOS  
650 |a POBREZA  
650 |a VIOLENCIA  
650 |a AMERICA LATINA  
999 |c 1619  |d 1619